Biggest city by desert - Statistics

General Stats
  • This quiz has been taken 33 times
  • The average score is 6 of 10
Answer Stats
Desert Population City % Correct
Sahara Desert 21,750,000 Cairo
94%
Arabian Desert 7,388,000 Riyadh
90%
Kazakh Desert 1,958,000 Almaty
77%
Kalahari Desert 461,000 Windhoek
71%
Iraqi Desert 1,414,000 Basra
61%
Chihuahuan Desert 2,700,000 Juárez - El Paso
52%
Great Basin Desert 1,169,000 Salt Lake City
42%
Rajasthan 4,107,000 Jaipur
35%
Atacama Desert 451,000 Antofagasta
23%
Lut Desert 544,000 Kerman
13%
No matching quizzes found
Score Distribution
Percent of People with Each Score
Percentile by Number Answered
Your Score History
You have not taken this quiz